Українська інтелігенція на Соловках. Недостріляні (Запис № 340317)

МАРК-запис
000 -Лідер
fixed length control field 02031nam a22002657a 4500
001 - Контрольний номер
control field 54229
003 - Ідентифікатор контрольного номера
control field UA-OsUOA
005 - Дата та час останнього входження (трансакції)
control field 20260306105113.0
007 - Фіксоване поле фізичного опису
fixed length control field ta
008 - Елементи даних фіксованої довжини – загальна інформація
fixed length control field 20080530b un ||||| |||| 00| 0 ukr d
020 ## - Міжнародний стандартний книжковий номер (ISBN)
Міжнародний стандартний книжковий номер (ISBN) (НП) 9789665184430
040 ## - Джерело каталогізації
Агенція оригінальної каталогізації UA-OsUOA
Мова каталогізації ukr
Агенція, яка здійснювала перезапис UA-OsUOA
Агенція, яка здійснювала модифікацію UA-OsUOA
041 ## - Код мови
Код мови тексту/ звукової доріжки чи окремого заголовка (П) ukr
080 ## - Індекс Універсальної десяткової класифікації
Індекс Універсальної десяткової класифікації (УДК) (НП) 821.161.2-94
090 ## - Локальний шифр розміщення
Класифікаційний індекс УДК 821.161.2-94
Авторський знак (НП) П36
100 ## - Основне введення – ім’я особи
Ім’я особи (НП) Підгайний С.
9 (RLIN) 24305
245 ## - Відомості про назву
Назва (НП) Українська інтелігенція на Соловках. Недостріляні
Дані про відповідальність (НП) Семен Підгайний
260 ## - Публікація, розповсюдження і т.п. (Вихідні дані)
Місце публікації, розповсюдження і т.п. (П) К.
Ім’я/ наймення видавництва, розповсюджувача і т.п. (П) КМА
Дата публікації, розповсюдження і т.п. (П) 2008
300 ## - Фізичний опис
Обсяг 326 с.
520 ## - Резюме і т.п.
Резюме, реферат, анотація, тощо (НП) Семен Підгайний (1907–1965) — відомий публіцист, історик, громадсько-політичний діяч української діяспори. Колишній в'язень соловецьких концтаборів, у боротьбі проти геноциду рідного народу він був сподвижником Івана Багряного, одним з організаторів УРДП. До книжки ввійшли його твори "Українська інтеліґенція на Соловках" та "Недостріляні" (у двох частинах). Написані правдиво й майстерно, ці твори викривають злочинну політику кремлівських авантюристів у побудові "комуністичного раю", що обернулося справжнім пеклом для багатьох націй. У книзі подано імена й прізвища реальних людей, котрі загинули від рук узурпаторів.<br/><br/>Видання розраховане на широке коло читачів.
650 #7 - Додаткове предметне введення – тематичний термін
Тематичний термін чи географічна назва, як елемент введення (НП) 821.161.2 Українська література
Джерело заголовка чи терміна UDC
9 (RLIN) 41
942 ## - Додаткові елементи входу (Коха)
Тип елемента Koha Книги
Source of classification or shelving scheme Universal Decimal Classification
955 ## - Код типу видання за змістом
Код типу видання за змістом (НП) Літературно-художні видання
Фонди
Стан вилучень Стан втрат Джерело класифікації або схеми стелажів Стан уражень Не для кредиту Постійне місце розташування Поточне розміщення Дата придбання Джерело придбання Вартість, звичайна ціна покупки Інвентарний номер Усього замовленно Повний номер виклику Штрих-код Дата останнього перегляду Ціна ефективна від Тип елемента Koha Код колекції Вартість, ціна заміни
    Universal Decimal Classification     АБ - Абонемент НБ АБ - Абонемент НБ 30/05/2008 66/2008 20.00 113473   821.161.2-94 П36 113473 04/04/2022 30/05/2008 Книги    
    Universal Decimal Classification     АБ - Абонемент НБ АБ - Абонемент НБ 30/05/2008 66/2008 20.00 113474   821.161.2-94 П36 113474 04/04/2022 30/05/2008 Книги    
    Universal Decimal Classification     АБ - Абонемент НБ АБ - Абонемент НБ 06/03/2026 08/02.03.2026 20.00     821.161.2-94 П36 169481 06/03/2026 06/03/2026 Книги Колекція Шевчука Валерія 20.00